000 00976nam a22001697a 4500
008 141120b xxu||||| |||| 00| 0 eng d
020 _a9780176501327
050 _aHF5549.5. M3 B45
100 _aBelcourt,Monica.
245 _aStrategic human resource planning. /
_cMonica ,Belcourt.
260 _aU.s.a:
_bNelson Education,
_c2010.
300 _axxxi,424p.:
_bills,:
_c24cm
500 _aIncludes Appendix
505 _aContents:Part 1 Introduction -- Strategic management -- Aligning HR with Strategy -- Environmental influences on HRM -- HR PLANNING -- Job Analysis -- Information technology for HR planning -- The HR forecasting process -- HR demand -- Ascertaining HR supply -- Succession management -- Strategic options and general decisions -- Downsizing and restructuring -- Strategic international HRM -- Mergers and acquisitions -- Outsourcing -- Evaluation of HR programs and policies -- HR Accounting methods.
700 _aMcbey , Kenneth J.
942 _2lcc
_cBK
999 _c5276
_d12776